000 01478cam a22004574i 4500
003 PE-LiUPU
005 20250731173441.0
008 150616s pe rb 000 0 spa d
035 _a(Sirsi) a5709
040 _aPE-LiUPU
_bspa
_cPE-LiUPU
_erda
049 _aPRUA
082 0 4 _a234.107
_bJ24
_221
100 1 _aJaramillo, Diego,
_eautor.
245 1 3 _aEl Carisma de las Lenguas.
264 1 _aLima :
_bLos Apóstoles S. A.,
_cs/f.
300 _a111 páginas ;
_c19 centímetros
336 _atext
_2rdacontent
337 _aunmediated
_2rdamedia
338 _avolume
_2rdacarrier
504 _anotas bibliográficas.
505 0 _aHablar en lenguas.- Dar mensaje en lenguas.- Orar en lenguas.
526 _aSEG42
526 _aSEG41
526 _aSEG40
526 _aSEG39
526 _aP94
526 _aP87
526 _aP86
526 _aP85
526 _aP77
526 _aP76
526 _aP35
650 0 4 _aDONES ESPIRITUALES - ESTUDIO.
910 _ajck
_bjvq
_cjck
942 _2ddc
_cBOOK
949 _a234.107 J24
_wDEWEY
_c1
_i39345
_lCCODEBUL1
_mBUL
_p00.00
_r0
_sY
_tBOOK
_u19951002
_xTEOLOGIA
_zUNKNOWN
_0COMPRA
_o.STAFF. Colección General
994 _aC0
_bPEPRU
596 _a1
999 _a234.107 J24
_wDEWEY
_c56767
_i39345
_d56767
_e2017-5-29
_f2021-11-10
_g5
_lCCODEBUL1
_mBUL
_n1
_r0
_sY
_tBOOK
_u2015-6-16
_xTEOLOGIA
_zUNKNOWN
_0COMPRA
_o.STAFF. Colección General
980 _81
_gALBERTO SANCHEZ Responsable de Automatización